Countries of the British empire - Statistics

General Stats
  • This quiz has been taken 7 times
  • The average score is 17 of 30
Answer Stats
Continent Country % Correct
North america Canada
100%
Oceania Australia
86%
Africa Egypt
86%
Oceania New zealand
86%
North america Bahamas
71%
Asia Bangladesh
71%
South america Guyana
71%
Asia India
71%
Europe Ireland
71%
Central america Jamaica
71%
Africa Libya
71%
Oceania Papua new guinea
71%
Africa Sudan
71%
Europe United kingdom
71%
Africa Ghana
57%
Africa Kenya
57%
Africa South africa
57%
Africa South sudan
57%
Africa Zambia
57%
Central america Belize
43%
Africa Botswana
43%
Africa Eritrea
43%
Asia Malaysia
43%
Asia Myanmar
43%
Africa Nigeria
43%
Asia Cyprus
29%
Africa Gambia
29%
Africa Guinea-bissau
29%
Asia United arab emirates
29%
Asia Kuwait
14%
No matching quizzes found
Score Distribution
Percent of People with Each Score
Percentile by Number Answered
Your Score History
You have not taken this quiz